000 00557nam a22001697a 4500
005 20251108164856.0
008 250721s2006 xx 000 0 ara d
082 1 4 _aم/332.6/مرك
100 1 _aالسامرائي، دوريد
245 1 0 _aالاستثمار الاجنبي المعوقات والضمانات /
264 1 _aبيروت :
_bمركز دراسات الوحدة العربية،
_c2006.
300 _a384 ص.
650 1 7 _aالاستثمار
650 1 7 _aالاستثمارات الاجنبيه
942 _2ddc
_cREF
999 _c16417
_d16417